000
00199 a2200085 4500
020
_a
9780367401238
100
_a
Kurt Heinze
245
_a
Cost Management of Capital Projects
260
_b
CRC Press
_c
2019
999
_c
13300
_d
13300